• 首页
  • 本馆介绍
  • 公告通知
  • 最新文献
  • 馆藏检索
  • 电子资源
  • 读者荐购
  • 参考咨询
  • CALIS
  • 我的图书馆
  • 登录
  • 详细信息显示
  • 放入我的书架
  • 预约/预借图书
  • 作者相关作品
  • 分类相关作品
  • 丛书相关作品
  • 出版社相关作品

书目信息

  • 表格格式
  • 工作单格式
  • 卡片格式
题名:
动物农场
    
 
作者: 乔治奥咸尔
分册:  
出版信息:    
页数: 91页
开本: 20cm
丛书名:
单 册:
中图分类: H319.4
科图分类:
主题词: 英语
电子资源:
ISBN:
 
 
 
 
 
000 00449nam0 2200157 450
001 1038573420
005 20100115121929.32
100    @a20100115d km y0chiy0120 ea
101 0  @achi
200 1  @a动物农场@Adong wu nong chang@f乔治奥咸尔@Fqiao zhi ao xian er
215    @a91页@d20cm
606 0  @a英语
690    @aH319.4@v4
701  0 @a乔治奥咸尔@Aqiao zhi ao xian er
801  0 @aCN@b大连网信软件有限公司图书馆·11@c20100115
905    @aZUCC@dH319.4@eQ3402
    
    动物农场/乔治奥咸尔
    91页;20cm
    
    
    ISBN :
    
●
相关链接 在E读中查询图书 在当当中查询图书 在豆瓣中查询图书


正题名:动物农场     索取号:H319.4/Q3402         预约/预借

序号 登录号 条形码 馆藏地/架位号 状态 备注
1 469816   204698167   语言库209/209语言库 47排7列2层/ [索取号:H319.4/Q3402] 在馆    
2 469817   204698176   语言库209/209语言库 47排7列2层/ [索取号:H319.4/Q3402] 在馆    
3 469818   204698185   语言库209/209语言库 47排7列2层/ [索取号:H319.4/Q3402] 在馆    
河南城建学院图书馆 欢迎您!
大连网信软件有限公司© 版权所有